000 01144nam0a22002651 4500
001 rc\4379788
005 20130416143743.8
035 _a(NLR Aleph) 008289494
090 _a8566960
_c8566960
100 _a20130416d1964 |||y0rusy50 ca
101 0 _arus
102 _aRU
105 _ay z |||||
200 1 _aУровень развития производства и техники мясной промышленности в СССР и за рубежом
_e(Сопоставительный обзор)
_fЦентр. ин-т науч.-техн. информации пищевой пром. Гос. ком. по пищевой пром. при Госплане СССР
210 _aМосква
_cБ. и.
_d1964
215 _a57 с., включ. обл.
_d22
300 _aНа обл. авт. не указан
320 _aБиблиогр.: с. 55-56
333 _aДля служебного пользования. Экз. № 2
700 1 _aГородецкий
_bС. Е.
_gСоломон Ефимович
801 0 _aRU
_bNLR
_gpsbo
801 1 _aRU
_bELAR
_2rusmarc
852 _aNLR
_j64-6/14121
942 _cBOOK
980 _aNB